Normal view
MARC view
- الدار التونسية للنشر، تونس
Entry Personal Name
001 - CONTROL NUMBER
- control field: 19294
003 - CONTROL NUMBER IDENTIFIER
- control field: JO-AjAnu
005 - DATE AND TIME OF LATEST TRANSACTION
- control field: 20230606073356.0
008 - FIXED-LENGTH DATA ELEMENTS
- fixed length control field: 230606|| aca||aabn | a|a d
040 ## - CATALOGING SOURCE
- Original cataloging agency: JO-AjAnu
- Transcribing agency: JO-AjAnu
100 ## - HEADING--PERSONAL NAME
- Personal name: الدار التونسية للنشر، تونس
670 ## - SOURCE DATA FOUND
- Source citation: Work cat.: (JO-AjAnu)9906: الدار التونسية للنشر، تونس, author, وثائق تونسية: ثورة ابن غذاهم 1864، الجزء الأول